000 004180000a22001570004500
003 LK-CoMWRAF
008 230817t ||||| |||| 00| 0 eng d
040 _aLK-CoMWRAF
_dLK-CoMWRAF
_eLK-CoMWRAF
041 _aeng
082 _a600
_bKUL
245 _aKulanthaikalinathum kaddilam paruvathinarukumana thevaikal
_b
260 _aColombo
_bMarka Niruvanam
_c1977
300 _ap.181
650 _achildren-SL
942 _cBK
999 _c2852
_d2852